| 000 | 00775 a2200193 4500 | ||
|---|---|---|---|
| 003 | NUST | ||
| 005 | 20251216182755.0 | ||
| 040 | _cNust | ||
| 082 | _a621.382,UMB | ||
| 100 |
_aUmbreen, Bakhtawar (TCC-22) _9132342 |
||
| 245 |
_aOne Time Password Based Lock System / _cBakhtawar Umbreen, Aysha Bashir, Faiza Murtaza and Sehrish Ajmal Malik TCC-22 |
||
| 260 |
_aRawalpindi _bMCS (NUST) _cJune 2014 |
||
| 300 | _a88 p.; | ||
| 505 | _aIntroduction (Page-1), Literature Review (Page-7), Technological Requirements (Page-26), Hardware Design and Development (Page-41), Analysis and Evaluation (Page-57), Future Work and Conclusion (Page-69). | ||
| 650 |
_aUG Project _9131132 |
||
| 651 |
_aTCC-22 _9131223 |
||
| 700 |
_aSupervised by Brig Fahim Arif _9132343 |
||
| 942 |
_cPR _2ddc |
||
| 999 |
_c212163 _d212163 |
||